000
00327nam a2200121Ia 4500
008
190722s9999 xx 000 0 und d
020
_a
13-978-93-5014-279-0
100
_a
J.B.Gupta
245
2
_a
A Course Electrical Installation Estimating & Costing
260
_a
New Delhi
_b
S.K.Kataria
_c
2015
300
_a
526
942
_c
BK
999
_c
1011
_d
1011